Statystyki dla Zgadnij youtubera po najpopularniejszym filmiku

Kliknij tutaj aby rozwiązać quiz!

Ogólne statystyki

  • Ten quiz został rozwiązany 6 183 razy
  • Średni wynik to 11 z 28

Statystyki odpowiedzi

FilmYoutuber% Poprawnych
Mutant Giant Spider DogSa Wardega
74%
... i Kinga - WyjaśnieniaFriz
68%
Świat bez InternetuAbstrachujeTV
61%
,,Znowu mam bana" - A Minecraft ParodyBlowek
59%
Zjedliśmy wszystko z McdonaldsMniej Więcej
59%
Bombsite ATomasz Gimper Działowy
55%
Magic With Robert LewandowskiMagic Of Y
52%
,,Minecraft Style" - Minecraft ParodyStuu
48%
IPHONE 7 - Ekstremalny test,recenzjaTheUnboxall
47%
Zjedliśmy 1.5 metrowego kebabaKolega Ignacy
43%
Co Japończycy wiedzą o Polsce?Krzysztof Gonciarz
42%
Zakład o 100k z Kamerzystą KruszwilaLekko Nie Będzie
42%
Jeździmy na Enduro z Rezi i Wjazd Na ChatęJack Gadovsky
40%
Jak się umyć?Lord Kruszwil
40%
Smoł Kłid Ewry Dej! Funny MomentsRezigiusz
39%
... opowiada historię o dzikuIzak Live
37%
... - Piękna i BestiaKamerzysta
37%
Masturbowała się na streamie + fragmentyDeeJayPallaside
34%
Turbo... - Isamuxpompa odc.5Trenuj z Krzychem
34%
O co ci chodzi?Czuux
31%
Sprawdzam Najgrosze Sztuczki z InternetuDisStream
29%
... - DziękujęBoxdel
26%
3 dziwne pranki z diabełkamiDominik Łupicki
25%
... & JDąbrowsky - Two For One (część pierwsza)Mandzio
21%
Śpiewam jak RihannaPoszukiwacz
21%
Typowa kobietaMarcin Malczyński
20%
Give me that A C T A 2 - remixIsamu
19%
Minecraft - ... i MikołajRemigiusz Maciaszek
18%

Rozkład punktacji

Percentyl według liczby udzielonych odpowiedzi

Procent ludzi z każdym wynikiem

Twoja historia wyników

Nie rozwiązałeś tego quizu